000 00623nam a2200217 a 4500
001 65657
003 BD-RjUL
005 20211209081441.0
008 170309b 1955enk||||| |||| 001 0 eng d
035 _a(BD-RjUL)65787
040 _aBD-RjUL
_beng
_cBD-RjUL
041 _aeng
082 _223
_a972.9505
_bHAT 1955
100 _a Hanson, Earl Parker
_9194223
245 _aTransformation :
_b the story of modern Puerto Rico /
_cEarl Parker Hanson
260 _aNew York :
_bSimon and schuster,
_cc1955
300 _axxiii, 410 p. ;
_c18 cm.
500 _aIncludes index
650 _aPuerto Rico
_9194224
942 _2ddc
_cBK
999 _c65657
_d65657